Grand Work on Peace and Security Education (Record no. 2454)

MARC details
000 -LEADER
fixed length control field 00364nam a22001337a 4500
008 - FIXED-LENGTH DATA ELEMENTS--GENERAL INFORMATION
fixed length control field 250319b |||||||| |||| 00| 0 eng d
020 ## - INTERNATIONAL STANDARD BOOK NUMBER
ISBN 9789785709683
100 ## - MAIN ENTRY--AUTHOR
Author ATU, A . Dnladi
245 ## - TITLE STATEMENT
Title Grand Work on Peace and Security Education
260 ## - PUBLICATION, DISTRIBUTION, ETC. (IMPRINT)
Place of publication Abuja
Name of publisher Institute for Security Studies
Date of publication 2019
300 ## - COLLATION
Pagination xiii, 373p.
942 ## - ADDED ENTRY ELEMENTS (KOHA)
Item type Books
050 ## - LIBRARY OF CONGRESS CALL NUMBER
Classification number JZ55.34
Item number .A88
Holdings
Source of classification or shelving scheme Not for loan Permanent location Current location Date acquired Accession No. Full call number Barcode. Koha item type
Library of Congress Classification   Samuel Ogbemudia Main Library, University of Abuja Samuel Ogbemudia Main Library, University of Abuja 03/19/2025 2019/56133 JZ55.34.A88 2025-0723 Books
Library of Congress Classification   Samuel Ogbemudia Main Library, University of Abuja Samuel Ogbemudia Main Library, University of Abuja 02/23/2023 2019/56134 JZ 5534.A88 2025-1622 Books